000 00587nam a2200229Ia 4500
003 OSt
005 20220918182222.0
006 a|||||r|||| 00| 0
007 ta
008 220917b |||||||| |||| 00| 0 eng d
024 _a31,332
037 _cTextual
040 _aARTS
_cARTS
_beng
041 _2eng
_aeng
082 _aO111,6M54x, M9
100 _aWilde Oscar
245 0 _aWritings ed by Isobel Murray
260 _aOxford
_bOUP
_c1989
650 _aENGLISH LITERATURE
942 _hO111,6M54x, M9
_cTEXL
_2CC
999 _c168234
_d168234